Quizzes
Events
Quiz Creation
Community
Videos
Private Events
Remove Ads
Sign In
Join for FREE
Feedback
Dark Mode
Quiz Categories
Sports
Geography
Music
Movies
Television
Just For Fun
Miscellaneous
History
Literature
Language
Science
Gaming
Entertainment
Religion
Holiday
For Kids
Quiz Lab
Recent
Popular Today
Quiz Kudos Today
Editor Picks
Curator Picks
Quizzes by...
Day
Popularity
Type
Ratings
Length
Year
Community
Subscriptions
Recent Discussions
Orange Saloon
Badges
Playlists
Quests
Create
Leaderboards
Showdown
Live 5
Trivia Bingo
Activity
Puzzle Library
Sporcle Events
Private Events
Virtual Trivia
Globe League
Become a Host
Pub Owners
SporcleCon
Opinionation
Our Games
Videos
Blog
Mobile Apps
Partnerships
Remove Ads and Go Orange
Feedback
Sports
Athletes
MLB
NBA
NHL
NFL
Soccer
Sports Teams
WWE
NCAA
Football
Premier League
Basketball
Baseball
Hockey
Golf
Tennis
Cricket
Rugby
Auto Racing
Olympics
World Cup
Sports
Athletes
MLB
NBA
NHL
NFL
Soccer
Sports Teams
WWE
NCAA
Football
Premier League
Basketball
Baseball
Hockey
Golf
Tennis
Cricket
Rugby
Auto Racing
Olympics
World Cup
Random Quiz
Search Sporcle
×
Quiz Lab
Quiz Lab
Sports
NFL
Type in answers that appear in a list
Type in answers that appear in a list
Classic
Best Score? Go Orange.
NFL 300 Yard Passers in the 2000s Stats
Can you name the QBs with multiple 300 yard passing games in the 2000s?
By
Scal
9m
71 Questions
9,250 Plays
9,250 Plays
9,250 Plays
Comments
Comments
Give Quiz Kudos
Give Quiz Kudos
-
- Ratings
hide this ad
More Info
Replay
Link that replays current quiz
Next Quiz
Link to next quiz in quiz playlist
You Got
0%
They Got
Avg Score
67%
Avg Friend Score
Upgrade to see
Score Distribution
Jump to the score distribution portion of the page
Score
0/71
Timer
09:00
0
Plays Today
Team(s)
Quarterback
% Correct
IND
Peyton Manning
99.7%
NYG
Eli Manning
99.6%
NE
Tom Brady
99.4%
SD/
NO
Drew Brees
99.2%
GB/
MIN
Brett Favre
98.9%
STL/
ARI
Kurt Warner
98.5%
PHI
Donovan McNabb
97.2%
DAL
Tony Romo
97.2%
SD
Philip Rivers
94.8%
CIN
Carson Palmer
93.5%
PIT
Ben Roethlisberger
93.5%
GB
Aaron Rodgers
93.2%
SEA
Matt Hasselbeck
93.2%
DEN/
CHI
Jay Cutler
93.1%
STL
Marc Bulger
91.7%
HOU
Matt Schaub
91.4%
CAR
Jake Delhomme
91.4%
NE/
BUF/
DAL
Drew Bledsoe
88.8%
SF/
CLE/
PHI/
TB
Jeff Garcia
88.6%
MIN/
OAK
Daunte Culpepper
88.4%
NYJ/
MIA
Chad Pennington
88%
NYG/
OAK
Kerry Collins
87.6%
STL/
KC/
MIA
Trent Green
87.3%
OAK
Rich Gannon
87.3%
TEN/
BAL
Steve McNair
86.9%
JAC
David Garrard
82.9%
WAS
Jason Campbell
82.6%
JAC/
WAS
Mark Brunell
81.8%
HOU
David Carr
80.8%
CIN/
DET
Jon Kitna
80.3%
TB
Brad Johnson
80.1%
BUF
Rob Johnson
80%
ATL
Michael Vick
79.6%
NE/
KC
Matt Cassel
79.5%
NO
Aaron Brooks
79%
CHI/
DEN
Kyle Orton
78.6%
Team(s)
Quarterback
% Correct
CLE
Derek Anderson
78%
TEN
Vince Young
76.2%
JAC
Byron Leftwich
75.4%
ATL
Matt Ryan
75.2%
ARI/
DEN
Jake Plummer
74.3%
BAL
Joe Flacco
70.1%
NYJ/
DAL
Vinny Testaverde
68.3%
PIT
Tommy Maddox
61.4%
DEN/
TB/
CHI
Brian Griese
60.3%
DET/
MIA/
ATL
Joey Harrington
59.3%
BUF
J.P. Losman
58%
MIA
Chad Henne
57.1%
PHI
Kevin Kolb
54.7%
BUF/
SD
Doug Flutie
51.1%
SEA/
CLE
Trent Dilfer
48.9%
CLE
Tim Couch
48.2%
DET
Charlie Batch
45.9%
KC/
BAL
Elvis Grbac
45.9%
MIA/
PHI
A.J. Feeley
42.4%
MIA
Jay Fiedler
42.3%
ATL
Chris Chandler
35.9%
TEN
Billy Volek
35.2%
CAR
Chris Weinke
33.4%
ARI/
OAK
Josh McCown
31.9%
CLE/
BUF
Kelly Holcomb
28.9%
ATL
Chris Redman
28.7%
WAS
Patrick Ramsey
28.2%
KC
Damon Huard
24.7%
DEN/
MIA/
STL
Gus Frerotte
24.6%
CAR
Steve Beuerlein
24.2%
CAR
Rodney Peete
20.6%
BAL/
ARI
Jeff Blake
19.5%
JAC
Quinn Gray
15%
CHI/
WAS
Shane Matthews
10.8%
BUF
Alex Van Pelt
8.8%
Quiz Playlist
Details
Report
Send in Message
Add To Playlist
More Info:
Teams listed are only the teams that the QB's threw for 300 yards with.
Classic:
Type in answers that appear in a list
Quiz Source
Last Updated: Mar 24, 2017
Quiz Scoreboard
CHALLENGE
Sign Up to Join the Scoreboard
Show All
Scores
Hide
Comments
May contain spoilers
Recently Published
Billboard Blitz: Fleetwood Mac
by CooCooCachoo
Music
15s
Presidents Visiting Landmarks
by Hejman
History
7m
An Introduction to Baseball
by treessimontrees
Sports
5m
More to Explore
Quiz From the Vault
Featured Blog Post
Where Did the Easter Bunny Come From?
hide this ad
You Might Also Like...
Tags
NFL Quiz
2000
300
multiple
Passers
Passing
Quarterbacks
team
Yard
Today's Top Quizzes in Sports
Browse Sports
hide this ad
Today's Top Quizzes in NFL
Browse NFL
Top Contributed Quizzes in Sports
1
Les meilleurs buteurs des matchs entre le PSG et l’OM
2
2022 World Cup Stars
3
FIFA Club World Cup Champions
4
Les entraîneurs de l'OM et du PSG au 21e siècle
5
Criteria MLB: Left Handed Sluggers
6
Name the Premier League winners with different clubs
7
5-to-1: UK Sports Teams
8
AFC Teams Reveal (Wrong Answers Minefield)
9
Players with Multiple 50 Home Run Seasons
10
5-to-1: FBS Animal Nicknames
Explore More
Trending Topics
Harry Potter
Crossword
NBA
Anime
Kpop
Marvel
Disney
Soccer
Country
NFL
Song
WWE
Pokémon
The Office
Puzzle
hide this ad
More By:
Scal
Quiz
Plays
Rating
Category
Featured
Created
Ultimate NBA 2000s (Single Game Edition)
76,363
4.57
Sports
Mar 31, 2010
NBA Ball Hogs
15,946
4.43
Sports
Mar 24, 2010
Ultimate NBA 2000s
13,683
4.46
Sports
Mar 25, 2010
NBA Best Players Without a Ring
11,290
4.26
Sports
May 19, 2010
NFL 300 Yard Passers in the 2000s
9,250
4.55
Sports
Apr 14, 2010
Go to Creator's Profile
Score Distribution
Quiz Creator Spotlight
Scal
Follow
Send a Message
Quizzes Created
-
Created Quiz Play Count
-
More By This Creator
Popular Quizzes Today
1
Find the US States - No Outlines Minefield
2
Find the Countries of Europe - No Outlines Minefield
3
The Countries of the World
4
Find the US States
5
US States
6
Popular People in 1961
7
Risky Map Clicking: Biggest States A-Z
8
Movies - When Are They Set?
More Sports Quizzes
Hugo Lloris' Winning XI's against Chelsea
Quiz Lab
Trending Quizzes
Risky Map Clicking: Least Populous States A-Z
1-10 Letter G Words
1-10 Letter F Words
Risky Map Clicking: Next State Alphabetically
Risky Map Clicking: Biggest States A-Z
Recently Updated
Leaping Animals
pecheneg
Reality TV Shows (A-Z)
bhenderson79
Rickey Henderson's Hall of Fame Teammates
pecheneg
Champions League XIs: Arsenal
pecheneg
Quick Pick: Celebrities in WWE's Hall of Fame
aduchscher
A-Z Keypad Blitz II
pecheneg
Multiple Oscar Actors
pecheneg
Mystery Phrase Blitz: Oscar 'Best Actors'
pecheneg
F. Scott Fitzgerald Novels
LTH
Pick 3 Villains
ddd62291
Trending Topics
Anime
Disney
NBA
Harry Potter
Marvel
Kpop
Crossword
Soccer
Country
The Office
Pokémon
Puzzle
Song
NFL
WWE
Your Account Isn't Verified!
In order to create a playlist on Sporcle, you need to verify the email address you used during registration. Go to your
Sporcle Settings
to finish the process.
Report this User
Report this user for behavior that violates our
Community Guidelines
.
Details:
Send Report
Go to the Sporcle.com Mobile Site →
Comments